| 000 | 00900nam a22002537a 4500 | ||
|---|---|---|---|
| 005 | 19970904051429.3 | ||
| 008 | 970904m19271929ii a 001 0aeng | ||
| 010 | _aENG-95757 | ||
| 020 |
_a9788179928721 _c295.00 |
||
| 035 | _aEN-79290 | ||
| 037 | _aDBAD/PUB | ||
| 040 | _aDPL | ||
| 100 | _aBrian | ||
| 240 |
_aSatyanā prayogo athavā ātmakathā. _lEnglish |
||
| 245 |
_aWords of power _cby Brian & Esther Crowley _bmantras and chants from east and west |
||
| 260 |
_aMumbai _bJaico Publishing House, _c2008 |
||
| 270 |
_aA-2, Jash chambers, Fort _bMumbai _e400001 |
||
| 300 |
_axvi, 318p. ; _c22 cm.(Pbk) |
||
| 500 | _aIncludes bibliography references | ||
| 700 | _aCrowley , Esther | ||
| 942 |
_2ddc _cEN _mBRI |
||
| 999 |
_c33501 _d33501 |
||